000 00581nam a2200205 i 4500
001 55670
003 ES-MaACL
005 20230906163207.0
007 t|
008 030924s1964 sp ||||1| spa d
100 1 _aDesumbila, José.
_943958
245 1 3 _aEl ecumenismo en España /
_cJosé Desumbila.
250 _a[1ª ed.].
260 _aBarcelona :
_bEstela,
_c[1964]
300 _a241 p. ;
_c20 cm.
490 1 _aDiálogo entre cristianos ;
_v2
830 0 _aDiálogo entre cristianos ;
_v2
_9230346
852 _aES-MaACL
_jC-27275
_bR.55725
999 _c55670
_d55670